000 00659nam a2200217Ia 4500
005 20250508165005.0
008 008 250505s9999 xx 000 0 eng d
020 _a978-81-250-4047
037 _aTextual
040 _aFEDL
_beng
_cFEDL
041 _aeng
_2eng
084 _a891.443, TAG
_qFEDL
100 _aTagore Rabindranath
245 0 _aSelections from Galpaguchchha. 3 Vols.
260 _aHyderabad, India
_bOrient Blackswan Private Limited
_c2010
365 _aINR
_b695
490 _v1. Kabuliwalla and other stories. 287 p.
546 _aA SET OF THREE VOLUMES
942 _cTEXL
_h891.443, TAG
999 _c1392517
_d1392517